MDQL
is popping MORE tags! Check the
thread
!
Quizzes
Events
Quiz Creation
Community
Videos
Private Events
Remove Ads
Sign In
Join for FREE
Feedback
Dark Mode
Quiz Categories
Sports
Geography
Music
Movies
Television
Just For Fun
Miscellaneous
History
Literature
Language
Science
Gaming
Entertainment
Religion
Holiday
For Kids
Quiz Lab
Recent
Popular Today
Quiz Kudos Today
Editor Picks
Curator Picks
Quizzes by...
Day
Popularity
Type
Ratings
Length
Year
Community
Subscriptions
Recent Discussions
Orange Saloon
Badges
Playlists
Quests
Create
Leaderboards
Showdown
Live 5
Trivia Bingo
Activity
Puzzle Library
Sporcle Events
Private Events
Virtual Trivia
Globe League
Become a Host
Pub Owners
SporcleCon
Opinionation
Our Games
Videos
Blog
Mobile Apps
Partnerships
Remove Ads and Go Orange
Feedback
Sports
Athletes
MLB
NBA
NHL
NFL
Soccer
Sports Teams
WWE
NCAA
Football
Premier League
Basketball
Baseball
Hockey
Golf
Tennis
Cricket
Rugby
Auto Racing
Olympics
World Cup
Sports
Athletes
MLB
NBA
NHL
NFL
Soccer
Sports Teams
WWE
NCAA
Football
Premier League
Basketball
Baseball
Hockey
Golf
Tennis
Cricket
Rugby
Auto Racing
Olympics
World Cup
Random Quiz
Search Sporcle
×
Quiz Lab
Quiz Lab
Sports
NFL
Select answers by clicking on text or image buttons
Select answers by clicking on text or image buttons
Clickable
Best Score? Go Orange.
Ohio State Buckeyes who played in the NFL Stats
Can you pick the Ohio State Buckeyes who played in the NFL?
By
rickheim12
4m
40 Questions
356 Plays
356 Plays
356 Plays
Comments
Comments
Give Quiz Kudos
Give Quiz Kudos
-
- Ratings
hide this ad
Random Order
Randomize order of answers
Randomize order of answers
Replay
Link that replays current quiz
Next Quiz
Link to next quiz in quiz playlist
You Got
0%
They Got
Avg Score
86%
Avg Friend Score
Upgrade to see
Score Distribution
Jump to the score distribution portion of the page
Score
0/40
Timer
04:00
0
Plays Today
% Correct
Ryan Shazier
96.6%
Ted Ginn
96.3%
Troy Smith
95.5%
Eddie George
95.5%
Malcolm Jenkins
95.5%
AJ Hawk
94.9%
Carlos Hyde
94.4%
Archie Griffin
93.5%
Cameron Heyward
92.7%
Orlando Pace
92.4%
Cris Carter
92.1%
Joey Galloway
91.6%
Mike Nugent
91.6%
Brian Hartline
91.3%
Beanie Wells
91.3%
Mike Vrabel
91%
Nick Mangold
91%
Chris Spielman
89.6%
Craig Krenzel
88.5%
Antoine Winfield
87.4%
% Correct
Joe Germaine
86.8%
Jack Tatum
86.2%
Keith Byars
86%
Will Allen
85.7%
Andy Katzenmoyer
83.7%
Robert Smith
83.7%
Jim Parker
83.1%
Jim Marshall
82.9%
Paul Warfield
82.6%
Tim Spencer
81.7%
Tom Tupa
81.5%
Jim Lachey
80.3%
Bill Willis
79.2%
Pepper Johnson
78.7%
Jim Houston
78.7%
Dante Lavelli
77.2%
Randy Gradishar
77.2%
Dick LeBeau
76.7%
Jim Tyrer
75.8%
Lou Groza
70.5%
Quiz Playlist
Details
Report
Send in Message
Add To Playlist
Clickable:
Select answers by clicking on text or image buttons
Random Order:
Randomize order of answers
Last Updated: Feb 16, 2017
Quiz Scoreboard
CHALLENGE
Sign Up to Join the Scoreboard
Show All
Scores
Hide
Comments
May contain spoilers
Recently Published
Find the 'City' Movie
by crazypaving
Movies
60s
5x2 Blitz: Bands
by SL_Kpop136
Music
30s
Colored Red Africa Blitz
by spor1
Geography
30s
More to Explore
Quiz From the Vault
Featured Blog Post
14 Easter Pick-up Lines to Find Eggs With
hide this ad
You Might Also Like...
Tags
Football Quiz
NFL Quiz
Buckeyes
NFL Player
Ohio State
OSU Buckeyes
Today's Top Quizzes in Sports
Browse Sports
hide this ad
Today's Top Quizzes in NFL
Browse NFL
Top Contributed Quizzes in Sports
1
Players with Multiple 50 Home Run Seasons
2
Who Needs Fielders?
3
Criteria MLB: Left Handed Sluggers
4
MLB Players with Two .350 Batting Average Seasons
5
Who Hit More Homers?
6
2020 F1 Drivers Logic Puzzle
7
NBA Teammate Connections
8
Premier League Clubs since 2000 (minefield)
9
MLB Teams by First Game
10
Top 10 NHL Goal Scorers of All Time
Explore More
Trending Topics
Crossword
Anime
Kpop
Disney
NBA
Marvel
Harry Potter
WWE
Country
Song
Pokémon
The Office
NFL
Puzzle
Soccer
hide this ad
More By:
rickheim12
Quiz
Plays
Rating
Category
Featured
Created
Quarterbacks with single-digit jersey numbers
594
3.00
Sports
Nov 15, 2015
Quarterbacks (QB) who wore jersey #12?
527
4.67
Sports
Nov 15, 2015
Oakland Raiders Quarterback Minefield!
414
5.00
Sports
Nov 16, 2015
Ohio State Buckeyes who played in the NFL
356
5.00
Sports
Jan 23, 2016
NFL & MLB player jersey numbers
167
3.00
Sports
Jan 23, 2016
Go to Creator's Profile
Score Distribution
Quiz Creator Spotlight
rickheim12
Follow
Send a Message
Quizzes Created
-
Created Quiz Play Count
-
More By This Creator
Popular Quizzes Today
1
Find the 'City' Movie
2
5x2 Blitz: Bands
3
Colored Red Africa Blitz
4
Find the US States - No Outlines Minefield
5
The Countries of the World
6
Find the US States
7
9x9 Crossword: Cartoon Network
8
US States
More Sports Quizzes
WWE Cruiserweight Championship Tournament 2018
Curator's Pick
Trending Quizzes
Colored Red Africa Blitz II
Colored Red Europe Blitz I
Colored Red Africa Blitz III
Colored Red Europe Blitz II
Colored Red Europe Blitz III
Recently Updated
Champions League XIs: Real Madrid
pecheneg
Largest US Cities 1790-2010
pecheneg
Rides in Walt Disney World
pecheneg
Most Oscar Losses (Acting)
pecheneg
Beyoncé Albums
pecheneg
Leaping Animals
pecheneg
Reality TV Shows (A-Z)
bhenderson79
Rickey Henderson's Hall of Fame Teammates
pecheneg
Champions League XIs: Arsenal
pecheneg
Quick Pick: Celebrities in WWE's Hall of Fame
aduchscher
Trending Topics
Anime
Disney
Crossword
Marvel
Kpop
Harry Potter
NBA
Country
Song
WWE
The Office
Pokémon
Puzzle
Soccer
NFL
Your Account Isn't Verified!
In order to create a playlist on Sporcle, you need to verify the email address you used during registration. Go to your
Sporcle Settings
to finish the process.
Report this User
Report this user for behavior that violates our
Community Guidelines
.
Details:
Send Report
Go to the Sporcle.com Mobile Site →
Comments